Pays ayant moins d'un million d'habitants - mort subite - Statistiques

Statistiques générales
  • Ce quiz a été pris 265 fois
  • Le résultat moyen est 9 sur 16
Answers on the Grid
Answers color-coded by a green-red scale on the quiz's grid according to % correct below.
Andorre
Arménie
Barbade
Belize
Bhoutan
Brunei
Costa Rica
Croatie
Gabon
Islande
Jamaïque
Kiribati
Koweït
Libye
Liechtenstein
Lituanie
Luxembourg
Namibie
Nauru
Népal
Sainte-Lucie
Samoa
Seychelles
Singapour
Suriname
Tuvalu
Vatican
 
Statistiques - réponses
Réponse % Correct
496 Vatican
72%
80 856 Andorre
71%
11 875 Nauru
71%
179 285 Sainte-Lucie
71%
39 598 Liechtenstein
70%
9 816 Tuvalu
68%
132 530 Kiribati
63%
216 663 Samoa
63%
282 336 Barbade
60%
665 098 Luxembourg
57%
127 951 Seychelles
57%
458 949 Brunei
53%
387 558 Islande
49%
411 106 Belize
43%
786 385 Bhoutan
32%
628 886 Suriname
30%
Aucun quiz correspondant
Distribution des résultats
% des personnes avec chaque résultat
Percentile par nombre de réponses
Votre historique - résultats
Vous n’avez pas pris ce quiz